Neue Wege in der Jugendarbeit: Ansätze und Aussichten

Saved in:  
Bibliographic Details
Main Author: Krafeld, Franz Josef 1947- (Author)
Format: Print Article
Language:Undetermined language
Published: 1998
In: Soziale Arbeit
Year: 1998, Volume: 47, Pages: 364-373
Availability in Tübingen:Present in Tübingen.
IFK: O IV 411
Check availability: HBZ Gateway
Keywords:

MARC

LEADER 00000caa a22000002c 4500
001 1662295847
003 DE-627
005 20220610111147.0
007 tu
008 071204s1998 xx ||||| 00| ||und c
035 |a (DE-627)1662295847 
035 |a (DE-576)274800543 
035 |a (DE-599)BSZ274800543 
040 |a DE-627  |b ger  |c DE-627  |e rakwb 
100 1 |a Krafeld, Franz Josef  |d 1947-  |0 (DE-588)137906374  |0 (DE-627)598145613  |0 (DE-576)161810551  |4 aut 
109 |a Krafeld, Franz Josef 1947-  |a Krafeld, Franz J. 1947-  |a Krafeld, Franz-Josef 1947- 
245 1 0 |a Neue Wege in der Jugendarbeit  |b Ansätze und Aussichten  |c Franz Josef Krafeld 
264 1 |c 1998 
336 |a Text  |b txt  |2 rdacontent 
337 |a ohne Hilfsmittel zu benutzen  |b n  |2 rdamedia 
338 |a Band  |b nc  |2 rdacarrier 
773 0 8 |i In  |t Soziale Arbeit  |d Baden-Baden : Nomos Verlag, 1951  |g 47(1998), Seite 364-373  |w (DE-627)129061026  |w (DE-600)403-0  |w (DE-576)014391783  |x 0490-1606  |7 nnas 
773 1 8 |g volume:47  |g year:1998  |g pages:364-373 
951 |a AR 
ELC |b 1 
LOK |0 000 xxxxxcx a22 zn 4500 
LOK |0 001 3416153065 
LOK |0 003 DE-627 
LOK |0 004 1662295847 
LOK |0 005 20151116135012 
LOK |0 008 150728||||||||||||||||ger||||||| 
LOK |0 040   |a DE-21-110  |c DE-627  |d DE-21-110 
LOK |0 689   |a s  |a Jugendarbeit 
LOK |0 689   |a s  |a Jugendhilfe 
LOK |0 852   |a DE-21-110 
LOK |0 852 1  |c O IV 411  |m p  |9 00 
LOK |0 935   |a k110 
LOK |0 938   |k p 
LOK |0 939   |a 28-07-15  |b l01 
ORI |a SA-MARC-krimdoka001.raw 
SIG |a IFK: O IV 411